| 000 | 00839cam a2200193 4500 | ||
|---|---|---|---|
| 001 | WB3902-04 | ||
| 008 | 030115n2003 000 0 eng u | ||
| 035 | _a(Sirsi) u121020 | ||
| 245 | _aBMI compares cost of teaching space | ||
| 260 | _c2003 | ||
| 490 |
_aBMI Press Release _v January 2003, (2) |
||
| 520 | _aBuilding Maintenance Information (BMI) has published a report highlighting costs to universities of up to £6 000 per year per 100sq m for the space used for teaching. The BMI "Special report 317 - occupancy costs of university teaching blocks" is available as part of the BMI subscription service: individual copies cost £50. | ||
| 590 | _aWB | ||
| 650 | _aBUILT ENVIRONMENT-BUILDING MAINTENANCE AND REFURBISHMENT | ||
| 650 | _aUNIVERSITIES | ||
| 650 | _aOCCUPANCY COSTS | ||
| 690 | _aBUILT ENVIRONMENT | ||
| 942 | _n0 | ||
| 999 |
_c71917 _d71917 |
||